| 000 | 01775nam0a2200373 4500 | ||
|---|---|---|---|
| 001 | RU\NLR\bibl\447444 | ||
| 005 | 20260607042841.0 | ||
| 010 |
_a5-276-00392-0 _9500 |
||
| 021 |
_aRU _b2003-33941 _91608 |
||
| 035 | _a(NLR Aleph) 000441100 | ||
| 090 |
_a814670 _c814670 |
||
| 100 | _a20030908d2003 |||y0rusy50 ca | ||
| 101 | 0 | _arus | |
| 102 | _aRU | ||
| 105 | _ay ||||||||| | ||
| 200 | 1 |
_aКоммерческое (торговое) право Российской Федерации _eУчеб. пособие _fА. В. Шестаков _gМ-во образования Рос. Федерации, Моск. гос. индустр. ун-т, Ин-т дистанц. образования |
|
| 210 |
_aМ. _cМГИУ _d2003 |
||
| 215 |
_a475 с. _d20 |
||
| 320 | _aБиблиогр.: с. 471-475 | ||
| 606 | 0 |
_aКоммерческое право _jРуководства, пособия и т.п. _yРоссийская Федерация _92135556 _3RU\NLR\auth\661287786 |
|
| 606 | 0 |
_aКоммерческое право _jУчебные издания для высших учебных заведений _yРоссийская Федерация _92135556 _3RU\NLR\auth\661287786 |
|
| 610 | 0 | _aТорговое право Российской Федерации | |
| 610 | 0 | _aРоссийская Федерация, право | |
| 675 |
_a347.7(470)(075.8) _v3 _zrus |
||
| 686 |
_a10.21 _2rugasnti |
||
| 686 |
_a67.404я73 _2rubbk |
||
| 686 | _aХ623.012.09я73 | ||
| 700 | 1 |
_4070 _7ca _8rus _aШестаков _bА. В. _cэкономист _gАнатолий Васильевич _94318 _3RU\NLR\auth\7721255 |
|
| 801 | 0 |
_aRU _bRKP _c20030908 _gPSBO |
|
| 801 | 1 |
_aRU _bRKP _c20030908 |
|
| 801 | 2 |
_aRU _bNLR _c20050111 _grcr |
|
| 942 | _cBOOK | ||
| 980 | _aNB | ||